00494 2200193 4500001002100000005001500021035002000036007000300056008004100059082001000100084001600110100001700126245007000143260003400213856001700247020001800264990000900282990000900291INLIS00000000000078020220907090037 a0010-0922000061ta220907 g 0 ind  a398.2 a398.2 ANN d0 aAnna Martina1 aDongeng rakyat nusantara (Nusa Tenggara Barat) :bPutri Mandalika aSurabaya :bSerba Jaya,c2008 aKoleksi Umum a9789792671766 a3674 a3673